000 00503pab a2200169 454500
008 180718b1999 xxu||||| |||| 00| 0 eng d
100 _aRamaswamy, K.V.
245 _aThe search for flexibility in Indian manufacturing: new evidence on outsourcing activities
260 _c1999
300 _ap.363-68
362 _a6 Feb
650 _aIndia - Industries
650 _aManufacturing industry - India
650 _aManufacturing industry
773 _aEconomic and Political Weekly
909 _a40133
999 _c40133
_d40133